000 00380 a2200109 4500
001 ART_46897
005 20260410162031.0
008 260409a
245 1 0 _aPasteleros. Rama pastelería. CCT 272/1996. CABA y Provincia de Buenos Aires. Acuerdo salarial 2018
100 1 _aGodoy, Laura M.
773 0 _tLiquidación de sueldos
_g- N° 146 (jul. 2018)
_wREV44399
999 _c34037
_d34037